Nonlinear systems (Record no. 3426)

MARC details
000 -LEADER
fixed length control field 00507nam a2200169Ia 4500
003 - CONTROL NUMBER IDENTIFIER
control field IN-BaIIA
008 - FIXED-LENGTH DATA ELEMENTS--GENERAL INFORMATION
fixed length control field 211028s9999 xx 000 0 eng d
020 ## - INTERNATIONAL STANDARD BOOK NUMBER
International Standard Book Number 471-79168-7
040 ## - CATALOGING SOURCE
Transcribing agency IIA Library
080 ## - UNIVERSAL DECIMAL CLASSIFICATION NUMBER
Universal Decimal Classification number 517.928
Item number SIL
100 ## - MAIN ENTRY--PERSONAL NAME
Personal name Siljak, Dragoslav D
9 (RLIN) 6067
245 #0 - TITLE STATEMENT
Title Nonlinear systems
Remainder of title the parameter analysis and design
Statement of responsibility, etc. Dragoslav D. Siljak
260 ## - PUBLICATION, DISTRIBUTION, ETC.
Place of publication, distribution, etc. New York
Name of publisher, distributor, etc. Wiley
Date of publication, distribution, etc. 1969
300 ## - PHYSICAL DESCRIPTION
Extent xvii, 618p.
650 ## - SUBJECT ADDED ENTRY--TOPICAL TERM
Topical term or geographic name entry element Nonlinear systems
9 (RLIN) 5363
942 ## - ADDED ENTRY ELEMENTS (KOHA)
Koha item type Books
Holdings
Withdrawn status Lost status Damaged status Not for loan Home library Current library Shelving location Date acquired Cost, normal purchase price Total Checkouts Full call number Barcode Date last seen Cost, replacement price Price effective from Koha item type Purchase Price
        IIA Library-Bangalore IIA Library-Bangalore General Stacks 02/04/1970 165.24   517.928/ SIL 3812 05/11/2021 165.24 02/04/1970 Books Rs. 165.24

Powered by Koha